Statistics for Republics of Russia With Flag

Click here to take the quiz!

General Stats

  • This quiz has been taken 24 times
    (21 since last reset)
  • The average score is 17 of 24

Answer Stats

Answer% Correct
Altai
88%
Dagestan
88%
Chechnya
82%
Crimea
82%
North Ossetia–Alania
82%
Tuva
82%
Adygea
76%
Bashkortostan
76%
Karelia
76%
Sakha
76%
Tatarstan
76%
Buryatia
71%
Chuvashia
71%
Donetsk
71%
Ingushetia
71%
Luhansk
71%
Mari El
71%
Mordovia
71%
Kabardino-Balkaria
65%
Kalmykia
65%
Karachay-Cherkessia
65%
Udmurtia
65%
Khakassia
59%
Kharkiv
35%

Score Distribution

Percentile by Number Answered

Percent of People with Each Score

Your Score History

You have not taken this quiz since the last reset